Click a Frozen Person Quiz Stats

Quiz Updated Aug 23, 2016

Also try: Click a Knight
Challenge
Share
Tweet
Embed
Score 0/20 Timer 06:00
5 Plays Today
% Correct
Snow White
87.6%
Condoleezza Rice
85.4%
Vanilla Ice
85.1%
Ice-T
82.9%
Edward Snowden
82.8%
Robert Frost
78.6%
Clarice Starling
78.1%
Ice Cube
72.8%
Chrissy Snow
70.8%
Jerry Rice
70.5%
% Correct
Candice Bergen
69.9%
David Frost
65.5%
Anne Rice
63.4%
Jon Snow
61.7%
Bo Bice
59.6%
Fanny Price
51.9%
Jim Rice
51.6%
David Price
49.2%
Phoebe Snow
45.7%
Craig Frost
32.3%

You're not logged in!

Compare scores with friends on all Sporcle quizzes.
Join for Free
OR
Log In

You Might Also Like...

Show Comments

Extras

Top Quizzes Today


Score Distribution

Your Account Isn't Verified!

In order to create a playlist on Sporcle, you need to verify the email address you used during registration. Go to your Sporcle Settings to finish the process.

Report this User

Report this user for behavior that violates our Community Guidelines.

Details: